Declaration (Record no. 344979)

MARC details
000 -LEADER
fixed length control field 004010000a22001690004500
005 - DATE AND TIME OF LATEST TRANSACTION
control field 20120302054215.0
040 ## - CATALOGING SOURCE
Original cataloging agency ENG
100 ## - MAIN ENTRY--PERSONAL NAME
Personal name Anderson,Lindsay
100 ## - MAIN ENTRY--PERSONAL NAME
Personal name Tynan,Kenneth and others
245 ## - TITLE STATEMENT
Title Declaration
260 ## - PUBLICATION, DISTRIBUTION, ETC. (IMPRINT)
Place of publication, distribution, etc London:MacGibbon and Kee,1958
300 ## - PHYSICAL DESCRIPTION
Extent 202p
365 ## - TRADE PRICE
Price amount Rs.
650 ## - SUBJECT ADDED ENTRY--TOPICAL TERM
Topical term or geographic name as entry element Autobiography
650 ## - SUBJECT ADDED ENTRY--TOPICAL TERM
Topical term or geographic name as entry element John Osborne-Colin Wilson-John Wain
942 ## - ADDED ENTRY ELEMENTS (KOHA)
Koha item type Book
Holdings
Withdrawn status Lost status Damaged status Not for loan Home library Current library Date acquired Total Checkouts Barcode Date last seen Price effective from
        Institute For Oriental Study, Thane Institute For Oriental Study, Thane 12/02/2009   IOS-9525 12/02/2009 12/02/2009